Statistics for Spain 2018 FIFA World Cup Squad

Click here to take the quiz!

General Stats

  • This quiz has been taken 1,367 times
  • The average score is 18 of 24

Answer Stats

PosPlayerClub% Correct
GKDavid de GeaManchester United
99%
DFSergio RamosReal Madrid
98%
DFGerard PiquéBarcelona
95%
FWDiego CostaAtlético Madrid
88%
DFJordi AlbaBarcelona
84%
MFSergio BusquetsBarcelona
83%
MFAndrés IniestaBarcelona
82%
MFKokeAtlético Madrid
81%
FWDavid SilvaManchester City
81%
MFThiagoBayern Munich
80%
GKPepe ReinaNapoli
80%
DFDani CarvajalReal Madrid
80%
FWIago AspasCelta Vigo
80%
MFIscoReal Madrid
79%
DFCésar AzpilicuetaChelsea
78%
DFNachoReal Madrid
77%
MFSaúl NiguezAtlético Madrid
74%
MFMarco AsensioReal Madrid
70%
DFNacho MonrealArsenal
68%
FWRodrigo MorenoValencia
65%
FWLucas VázquezReal Madrid
60%
GKKepa ArrizabalagaAthletic Bilbao
53%
CoachFernando Hierro/
43%
DFÁlvaro OdriozolaReal Sociedad
28%

Score Distribution

Percentile by Number Answered

Percent of People with Each Score

Your Score History

You have not taken this quiz